[Event "Condom op 10th"]
[Site "Condom"]
[Date "2010.07.18"]
[Round "9"]
[White "Toullec, Renan"]
[Black "Moreau, Emilien"]
[Result "0-1"]
[WhiteElo "1705"]
[BlackElo "1887"]
[PlyCount "50"]
[EventDate "2010.07.??"]
[EventType "swiss"]
[EventRounds "9"]
[EventCountry "FRA"]
[SourceTitle "EXT 2011"]
[Source "ChessBase"]
[SourceDate "2010.11.26"]
[SourceVersion "1"]
[SourceVersionDate "2010.11.26"]
[SourceQuality "1"]

1. e4 c5 2. d4 cxd4 3. c3 dxc3 4. Nxc3 e6 5. Nf3 a6 6. Bc4 b5 7. Bb3 Bb7 8. Qc2 d6 9. 0-0 Nd7 10. a3 Ngf6 11. Bf4 Nc5 12. Rfe1 Nxb3 13. Qxb3 Be7 14. Rad1 Qb6 15. h3 0-0 16. e5 Bxf3 17. gxf3 dxe5 18. Bxe5 Rfd8 19. Rc1 Nd7 20. Nd5 exd5 21. Bc7 Qg6+ 22. Kh2 Re8 23. Qxd5 Nf6 24. Qc6 Nh5 25. Qb7 Bf8 0-1

[Event "Creon op 14th"]
[Site "Creon"]
[Date "2009.07.31"]
[Round "7"]
[White "Moreau, Emilien"]
[Black "Laurent, Dominique"]
[Result "1/2-1/2"]
[WhiteElo "1883"]
[BlackElo "2014"]
[PlyCount "153"]
[EventDate "2009.07.27"]
[EventType "swiss"]
[EventRounds "9"]
[EventCountry "FRA"]
[SourceTitle "CBM 131 Extra"]
[Source "ChessBase"]
[SourceDate "2009.09.03"]
[SourceVersion "2"]
[SourceVersionDate "2009.09.16"]
[SourceQuality "1"]

1. g3 f5 2. Bg2 Nf6 3. d4 e6 4. c4 Bb4+ 5. Bd2 Bxd2+ 6. Qxd2 d6 7. Nc3 0-0 8. Nf3 Na6 9. 0-0 c5 10. e3 Ne4 11. Qe2 Nxc3 12. bxc3 Rb8 13. Rfd1 Qa5 14. Qc2 Bd7 15. Rd2 Ba4 16. Qc1 b5 17. cxb5 Bxb5 18. Rb2 Bc4 19. Nd2 Bd3 20. Nb3 Qa3 21. Rd2 Qxc1+ 22. Nxc1 Be4 23. Bxe4 fxe4 24. dxc5 Nxc5 25. Nb3 Nd3 26. Nc1 Nxc1 27. Rxc1 d5 28. c4 Rfc8 29. Rdc2 Rd8 30. cxd5 Rxd5 31. Rc8+ Rd8 32. Rxb8 Rxb8 33. Rc7 a5 34. Rc5 a4 35. Rc4 a3 36. Ra4 Kf7 37. Rxa3 Rb4 38. Ra5 Kf6 39. Kg2 g6 40. g4 g5 41. Kg3 Rb2 42. a4 Ra2 43. Ra8 Kg7 44. a5 Ra1 45. Kg2 Ra2 46. a6 Ra3 47. a7 Ra2 48. Re8 Rxa7 49. Rxe6 Ra4 50. Rd6 Ra7 51. Kg3 Re7 52. h4 h6 53. h5 Kh7 54. Kg2 Kg7 55. Kf1 Kh7 56. Ke2 Kg7 57. f3 exf3+ 58. Kxf3 Ra7 59. Ke4 Re7+ 60. Kd4 Rf7 61. Rg6+ Kh7 62. Ke5 Rf3 63. e4 Rf4 64. Rd6 Rxg4 65. Rd7+ Kg8 66. Kf5 Rf4+ 67. Kg6 g4 68. e5 g3 69. Kxh6 Rg4 70. e6 Kf8 71. Rd1 g2 72. Rg1 Ke7 73. Kh7 Kxe6 74. h6 Kf7 75. Kh8 Rg8+ 76. Kh7 Kf8 77. Rf1+ 1/2-1/2